Normal view
MARC view
- Gonzaga, Rogelio Agonoy.
Entry Personal Name
001 - CONTROL NUMBER
- control field: 61247
003 - CONTROL NUMBER IDENTIFIER
- control field: OSt
005 - DATE AND TIME OF LATEST TRANSACTION
- control field: 20240920095730.0
008 - FIXED-LENGTH DATA ELEMENTS
- fixed length control field: 240920|| aca||aabn | a|a d
040 ## - CATALOGING SOURCE
- Original cataloging agency: OSt
- Transcribing agency: OSt
100 ## - HEADING--PERSONAL NAME
- Personal name: Gonzaga, Rogelio Agonoy.
- Relator term: author.
670 ## - SOURCE DATA FOUND
- Source citation: Work cat.: (OSt): Gonzaga, Rogelio Agonoy. author., Malayang pamamahayag :, February 2018.
